Tiempos violentos: neoliberalismo, globalización y desigualdad en América Latina /
Guardado en:
| Autor principal: | |
|---|---|
| Otros Autores: | , , |
| Formato: | Desconocido |
| Publicado: |
Buenos Aires:
EUDEBA
|
| Etiquetas: |
Agregar Etiqueta
Sin Etiquetas, Sea el primero en etiquetar este registro!
|
MARC
| LEADER | 00000 a2200000 04500 | ||
|---|---|---|---|
| 001 | 18382 | ||
| 003 | |||
| 008 | 991231s d | ||
| 040 | |||
| 090 | |a 142903 | ||
| 100 | |a Boron, Atilio A | ||
| 245 | |a Tiempos violentos: neoliberalismo, globalización y desigualdad en América Latina / |c Atilio A Boron | ||
| 260 | |a Buenos Aires: |b EUDEBA | ||
| 300 | |a 318 p. | ||
| 500 | |a Disponble en Cd, en No. 194115 | ||
| 700 | |a Comp | ||
| 700 | |a Gambina, Julio | ||
| 700 | |a Comp | ||
| 700 | |a Minsburg, Naúm | ||
| 700 | |a Comp | ||
| 999 | |c 12622 |d 12622 | ||
